| 000 | 01656nam a2200409Ii 4500 | ||
|---|---|---|---|
| 001 | DIGUNIMAG0144 | ||
| 003 | NyNyDIG | ||
| 008 | 230812s2022 ck o 000 j spa d | ||
| 006 | m o d | ||
| 007 | cr ||||||||||| | ||
| 035 | _a(OCoLC)1355219702 | ||
| 040 |
_aDGITA _beng _erda _epn _cDGITA |
||
| 020 |
_a9789587465402 _qpdf |
||
| 020 |
_a9789587465419 _qePub |
||
| 020 |
_z9789587465396 _qimpreso |
||
| 050 | 1 | 4 | _aPQ8173 ebook |
| 100 | 1 |
_aAcosta Acosta, Martiniano, _d1952- _eauthor. |
|
| 245 | 1 | 0 |
_aCuentos felinos. _n5 / _cMartiniano Acosta Acosta [and 8 others]. |
| 250 | _aPrimera edición. | ||
| 264 | 1 |
_aSanta Marta D.T.C.H., Colombia : _bEditorial Unimagdalena, _c[2022] |
|
| 300 | _a1 online resource. | ||
| 336 |
_atext _btxt _2rdacontent |
||
| 337 |
_acomputer _bc _2rdamedia |
||
| 338 |
_aonline resource _bcr _2rdacarrier |
||
| 347 |
_atext file _2rdaft |
||
| 347 | _bEPUB | ||
| 490 | 1 | _aColección Humanidades y Artes. Serie: Literatura y Estudios Literarios | |
| 588 | 0 | _aOnline resource; title from ePub title page (Digitalia, viewed August 12, 2023) | |
| 655 | 7 |
_aShort stories. _2lcgft |
|
| 776 | 0 | 8 |
_iPrint version: _aAcosta Acosta, Martiniano, 1952- _tCuentos felinos. 5. _bPrimera edición. _dSanta Marta D.T.C.H., Colombia : Editorial Unimagdalena, [2022] _z9789587465396 |
| 791 | 2 |
_aDigitalia (Firm), _edistributor. |
|
| 793 | 0 |
_gDigitalia eBook Collection: _aEdiciones Unimagdalena |
|
| 830 | 0 |
_aColección Humanidades y artes. _pSerie Literatura y estudios literarios. |
|
| 856 | 4 | 0 |
_3Digitalia Hispánica _uhttps://www.digitaliapublishing.com/a/125368/ |
| 910 | _aPremium collection: 2023 | ||
| 942 | _cRAA | ||
| 999 |
_c277304 _d277304 |
||